|
|
|
|
| LEADER |
00000nam0a2200000 4500 |
| 001 |
257740 |
| 005 |
20231101233231.0 |
| 010 |
|
|
|a 9785160020464
|
| 035 |
|
|
|a (RuTPU)RU\TPU\book\280557
|
| 035 |
|
|
|a RU\TPU\book\160180
|
| 090 |
|
|
|a 257740
|
| 100 |
|
|
|a 20081120d2014 m y0rusy50 ca
|
| 101 |
0 |
|
|a rus
|
| 102 |
|
|
|a RU
|
| 105 |
|
|
|a a j 000zy
|
| 200 |
1 |
|
|a Экономическая теория. Вводный курс. Микроэкономика
|e учебник
|f Московский государственный университет им. М. В. Ломоносова (МГУ), Экономический факультет ; под ред. И. Е. Рудаковой
|
| 210 |
|
|
|a Москва
|c Инфра-М
|d 2014
|
| 215 |
|
|
|a 576 с.
|c ил.
|
| 225 |
1 |
|
|a Учебники Экономического факультета МГУ им. М. В. Ломоносова
|
| 330 |
|
|
|a Учебник предназначен для вводного уровня — первой ступени двухуровневой системы преподавания экономической теории. Он ставит своей целью получение экономических знаний и развитие экономического мышления, необходимых для работающих в рыночной экономике специалистов. Курс должен подготовить восприятие студентами экономической теории второго уровня, а также конкретно-экономических дисциплин и дисциплин специализации будущих экономистов. В учебнике представлена система экономической теории, экономические модели в вербальной, табличной, аналитической и графической формах. Показана связь экономической теории и практического применения некоторых ее достижений. Подготовлен при содействии Национального фонда подготовки кадров (НФПК) в рамках программы «Совершенствование преподавания социально-экономических дисциплин в вузах» Инновационного проекта развития образования.
|
| 606 |
1 |
|
|a Микроэкономика
|2 stltpush
|3 (RuTPU)RU\TPU\subj\36419
|9 57809
|
| 610 |
1 |
|
|a экономическая теория
|
| 610 |
1 |
|
|a спрос
|
| 610 |
1 |
|
|a предложение
|
| 610 |
1 |
|
|a рыночное равновесие
|
| 610 |
1 |
|
|a эластичность
|
| 610 |
1 |
|
|a государственное регулирование
|
| 610 |
1 |
|
|a потребление
|
| 610 |
1 |
|
|a потребительское поведение
|
| 610 |
1 |
|
|a производство
|
| 610 |
1 |
|
|a производственный выбор
|
| 610 |
1 |
|
|a издержки
|
| 610 |
1 |
|
|a конкуренция
|
| 610 |
1 |
|
|a конкурентные фирмы
|
| 610 |
1 |
|
|a факторы производства
|
| 610 |
1 |
|
|a экономическое равновесие
|
| 610 |
1 |
|
|a благосостояние
|
| 610 |
1 |
|
|a монополия
|
| 610 |
1 |
|
|a олигополия
|
| 610 |
1 |
|
|a монополистическая конкуренция
|
| 610 |
1 |
|
|a несовершенная конкуренция
|
| 610 |
1 |
|
|a внешние эффекты
|
| 610 |
1 |
|
|a неопределенность
|
| 610 |
1 |
|
|a экономические риски
|
| 610 |
1 |
|
|a информации
|
| 610 |
1 |
|
|a асимметрия
|
| 610 |
1 |
|
|a общественные блага
|
| 610 |
1 |
|
|a общественный выбор
|
| 610 |
1 |
|
|a учебники
|
| 686 |
|
|
|a У012.1я73
|v LBC/SL-A
|2 rubbk
|
| 702 |
|
1 |
|a Рудакова
|b И. Е.
|g Искра Евсеевна
|4 340
|
| 712 |
0 |
2 |
|a Московский государственный университет им. М. В. Ломоносова (МГУ)
|b Экономический факультет
|2 stltpush
|3 (RuTPU)RU\TPU\col\7
|
| 801 |
|
1 |
|a RU
|b 63413507
|c 20140418
|
| 801 |
|
2 |
|a RU
|b 63413507
|c 20150622
|g RCR
|
| 942 |
|
|
|c BK
|
| 959 |
|
|
|a 73/20140416
|d 2
|e 549,90
|f ЧЗГЛ:1
|f АНЛ:1
|